Testovanie hypotézy efektívnosti slovenského kapitálového trhu

Testovanie efektívnosti kapitálového trhu na Slovensku, ktorý je reprezentovaný indexom SAX. .

Gespeichert in:
Bibliographische Detailangaben
1. Verfasser: Kanderová, Mária
Format: Buchkapitel
Sprache:Slowakisch
Schlagworte:
Tags: Tag hinzufügen
Keine Tags, Fügen Sie das erste Tag hinzu!

MARC

LEADER 00000naa$a2200000$$$4500
001 0053336
005 20220505124543.2
041 0 |a slo 
044 |a SK 
245 1 0 |a Testovanie hypotézy efektívnosti slovenského kapitálového trhu  |c Mária Kanderová 
520 |a Testovanie efektívnosti kapitálového trhu na Slovensku, ktorý je reprezentovaný indexom SAX. . 
610 2 0 |a testovanie hypotéz 
610 2 0 |a trh kapitálový 
610 2 0 |a Slovensko 
610 2 0 |a efektívnosť investícií 
610 2 0 |a kurzy 
100 1 |a Kanderová, Mária